000 00210nam a22000857a 4500
999 _c11003
_d11003
008 180717b ||||| |||| 00| 0 eng d
100 _aKids
_96794
245 _aTimeless Tales from Panchatantra
260 _aNew Delhi